000 00397nam a2200181Ia 4500
003 0STCL
008 150530s9999 xx 000 0 und d
040 _aSTCL
_cSTCL
100 _aTatapuram Sukumaran
245 _aSingapore Yatrachitrangal
250 _a1
260 _bAuthor
_c1984
300 _a0
546 _aMalayalam
942 _2ddc
_cBK
999 _c78461
_d78461
005 20220125171704.0